|
|
|
|
| LEADER |
01345nam a22002657a 4500 |
| 001 |
35928 |
| 003 |
BD-DhAAL |
| 005 |
20250622112825.0 |
| 008 |
211117r19991996bg ||||| |||| 001 0 ben d |
| 020 |
|
|
|a 9840501607
|
| 040 |
|
|
|a BD-DhAAL
|d BD-DhAAL
|
| 041 |
|
|
|a ben
|
| 082 |
|
|
|a 491.44
|2 22
|
| 100 |
|
|
|a রহমান, মুহম্মদ হাবিবুর.
|9 42765
|
| 245 |
|
|
|a আমরা কি যাব না তাদের কাছে :
|b যারা শুধু বাংলায় কথা বলে /
|c মুহম্মদ হাবিবুর রহমান.
|
| 246 |
|
|
|a Amra ki jabona tader kachhe :
|b jara shudhu banglai kotha bole
|
| 260 |
|
|
|a ঢাকা :
|b ইউনিভার্সিটি প্রেস লিমিটেড,
|c ১৯৯৬ [দ্বিতীয় মুদ্রণ ১৯৯৯].
|
| 300 |
|
|
|a ১১০ পৃষ্ঠা ;
|c ২১ সে. মি.
|
| 504 |
|
|
|a নিঘন্ট অন্তভুক্ত
|
| 526 |
|
|
|a BIED
|
| 541 |
|
|
|a Complimentary copy from BIED
|e 35998
|
| 650 |
|
|
|a Bengali language.
|9 42766
|
| 942 |
|
|
|2 ddc
|c BK
|
| 999 |
|
|
|c 43329
|d 43329
|
| 952 |
|
|
|0 0
|1 0
|2 ddc
|4 0
|6 491_440000000000000_RAH
|7 0
|9 69507
|a BRACUL
|b BRACUL
|c GEN
|d 2021-11-17
|e Complimentary copy from BIED
|l 0
|o 491.44 RAH
|p 3010035928
|r 2021-11-17
|t 1
|w 2021-11-17
|y BK
|x Transferred from BIED to General Stacks
|